000 00647nam a2200229Ia 4500
003 OSt
005 20220928145612.0
006 a|||||r|||| 00| 0
007 ta
008 220927b |||||||| |||| 00| 0 eng d
024 _a81469
037 _cTextual
040 _aSDCL
_cSDCL
_beng
041 _2eng
_aeng
082 _aX:9.42'N9, N7
100 _aBerggren Christian
_9513670
245 0 _aResilience of corporate Japan
_b New strategies and personnel practices.
260 _c1997
700 _a Nomura Masami
_9513671
942 _hX:9.42'N9, N7
_cTEXL
_2CC
999 _c834319
_d834319